000 00478nam a22001577a 4500
005 20251108164231.0
008 250721s1960 xx 000 0 ara d
082 1 4 _a787.67/فؤا
100 1 _aمحفوظ، فؤاد
245 1 0 _aكتاب تعليم الموسيقى الشرقيه لدراسة آلة العود /
264 1 _aدمشق :
_bمطبعة العروبه،
_c1960.
300 _a
650 1 7 _aالآلات الوترية
942 _2ddc
_cBK
999 _c7044
_d7044